00309nam a2200121Ia 4500008004100000041000800041082001200049100002000061245003000081260003800111300003100149365000700180240624s9999 xx 000 0 und d aeng a004 VED aVEDPURISWAR A V aIT SECTOR CASE STUDIES II c2001aHyderabadbICFAI University axiv, : 215 : p. : cm. ; 26 cRS